[Event "Managua Arellano Memorial"]
[Site "Managua"]
[Date "2023.07.30"]
[Round "6"]
[White "Olivares, Odell"]
[Black "Gallo, Felix"]
[Result "0-1"]
[WhiteElo "1445"]
[BlackElo "1652"]
[PlyCount "94"]
[EventDate "2023.07.22"]
[EventType "swiss"]
[EventRounds "9"]
[EventCountry "NCA"]
[SourceTitle "EXT 2024"]
[Source "ChessBase"]
[SourceDate "2023.10.10"]
[SourceVersion "1"]
[SourceVersionDate "2023.10.10"]
[SourceQuality "1"]

1. d4 Nf6 2. Bf4 d5 3. e3 e6 4. Nf3 c5 5. c3 Bd6 6. Ne5 Nc6 7. Bb5 Qc7 8. Nd2 0-0 9. Ndf3 Nd7 10. Nxd7 Bxd7 11. Bxd6 Qxd6 12. Bd3 e5 13. dxc5 Qxc5 14. Bxh7+ Kxh7 15. Ng5+ Kg6 16. h4 f6 17. h5+ Kh6 18. Ne4 Qe7 19. Qxd5 Rad8 20. Ng3 f5 21. Qf3 Be6 22. Rd1 Rxd1+ 23. Kxd1 Qd7+ 24. Kc1 Rd8 25. Qe2 Bxa2 26. Rd1 Qxd1+ 27. Qxd1 Rxd1+ 28. Kxd1 Kg5 29. Kc2 Bf7 30. b4 Bxh5 31. f4+ exf4 32. exf4+ Kg4 33. Ne2 Bf7 34. b5 Ne7 35. Kd3 Bd5 36. g3 Bf3 37. Nd4 Kxg3 38. Ne6 g6 39. Ke3 Nd5+ 40. Kd4 Nxf4 41. Ng5 Be2 42. c4 Nh5 43. Nf7 f4 44. Nd6 Nf6 45. Nxb7 f3 46. Ke3 Ng4+ 47. Kd2 Bxc4 0-1